|
|
|
|
| LEADER |
00000nam a2200000 a 4500 |
| 001 |
vtls009471867 |
| 003 |
SK-MaSNL |
| 005 |
20260301125834.0 |
| 008 |
160610s2008 xo dbl d p 001 0 slo |
| 015 |
|
|
|a SNBA2009/06-02783
|
| 020 |
|
|
|a 9788022729581 (brož.)
|
| 035 |
|
|
|a DFC87731-5736-4CC8-A5C1-4B60547BCAE6
|
| 035 |
|
|
|a urn:nbn:sk:snk-amlg5j
|
| 035 |
|
|
|a urn:nbn:sk:snk-am0093ia
|
| 040 |
|
|
|a SNK
|b slo
|c SNK
|e AACR2
|
| 041 |
0 |
|
|a slo
|
| 044 |
|
|
|a xo
|c SK
|
| 072 |
|
7 |
|a 502
|x Životné prostredie a jeho ochrana
|2 konspekt
|
| 080 |
|
|
|a 502/504
|2 2001
|
| 080 |
|
|
|a 502.17
|2 20012
|
| 080 |
|
|
|a 504.5
|2 2001
|
| 080 |
|
|
|a 502.5
|2 2001
|
| 080 |
|
|
|a 349.6
|2 2001
|
| 080 |
|
|
|a (075.8)
|2 2001
|
| 100 |
1 |
|
|a Čermák, Oskár,
|d 1939-
|4 aut
|9 201725
|
| 245 |
1 |
0 |
|a Životné prostredie
|c Oskar Čermák a kol.
|
| 250 |
|
|
|a 1. vyd.
|
| 260 |
|
|
|a Bratislava
|b Slovenská technická univerzita
|c 2008
|
| 300 |
|
|
|a 390 s.
|b grafy, mp., sch., tab.
|c 25 cm
|
| 490 |
1 |
|
|a Edícia vysokoškolských učebníc
|
| 504 |
|
|
|a Bibliogr. s. 384-386. Reg.
|
| 650 |
0 |
7 |
|a životné prostredie
|2 SNKPH
|9 786
|
| 650 |
0 |
7 |
|a ochrana životného prostredia
|2 SNKPH
|9 3352
|
| 650 |
0 |
7 |
|a znečistenie životného prostredia
|2 SNKPH
|9 988
|
| 650 |
0 |
7 |
|a krajinná ekológia
|2 SNKPH
|9 3811
|
| 650 |
0 |
7 |
|a environmentálne právo
|2 SNKPH
|9 192070
|
| 655 |
|
7 |
|a učebnice vysokých škôl
|2 SNKPH
|9 70191
|
| 700 |
1 |
|
|a Barkolová, Danica
|4 aut
|9 476416
|
| 700 |
1 |
|
|a Horanová, Ľubomíra
|4 aut
|9 8577
|
| 700 |
1 |
|
|a Ilavský, Ján,
|d 1958-
|4 aut
|9 213503
|
| 700 |
1 |
|
|a Škultétyová, Ivona,
|d 1960-
|4 aut
|9 206912
|
| 810 |
2 |
|
|a Slovenská technická univerzita v Bratislave.
|b Stavebná fakulta
|t Edícia vysokoškolských učebníc
|9 208441
|
| 919 |
|
|
|a 978-80-227-2958-1
|
| 958 |
|
|
|a NB
|
| 958 |
|
|
|a OND
|
| 968 |
|
|
|d 50
|
| 999 |
|
|
|c 743651
|d 745581
|
| 952 |
|
|
|a SNK
|b SNK
|y PREZ
|7 0
|p 17A0610803
|o snkSC 134467
|i snk2009/2420
|8 0
|0 0
|1 0
|4 0
|d 2009-02-11
|f 1
|l 0
|r 2025-06-30 00:00:00
|w 2026-02-23
|
| 952 |
|
|
|a SNK
|b SNK
|y VYP
|7 0
|p 17A0610802
|o snkSC 134467 D1
|i snk2009/2421
|8 0
|0 0
|1 0
|4 0
|d 2009-02-11
|l 0
|r 2026-02-23 23:07:38
|w 2026-02-23
|